U.S. General Knowledge #39 - Statistics

General Stats
  • This quiz has been taken 15,362 times
  • The average score is 11 of 20
Answer Stats
Question Answer % Correct
What is Garfield's favorite food? Lasagna
86%
Who was Tom Sawyer's closest friend? Huckleberry Finn
74%
What do the letters FD stand for in FDNY? Fire Department
68%
What type of novels does Danielle Steel write? Romance
67%
Who was the King of England when the U.S. become independent?
Name and number please
{George} {III}
63%
What product did Orville Redenbacher sell? Popcorn
63%
There are two state capitals whose name starts with a month of the year. Name either. Juneau / Augusta
61%
What is the only state to border 3 different Canadian provinces? Montana
58%
Name one of the three authors of the Federalist Papers. Alexander Hamilton / James Madison / John Jay
57%
What TV show made Ken Jennings and James Holzhauer famous? Jeopardy!
54%
"Green circle" is the easiest grade of ski slope in North America. What is the most difficult? Double Black Diamond
52%
Who was elected as Senator from the state of New York in the year 2000? Hillary Clinton
50%
Who did actress Nancy Davis marry in 1952? Ronald Reagan
50%
What was the first name of famous evangelists Graham and Sunday? Billy
48%
What Pennsylvania steel town is named after a place in the Bible? Bethlehem
43%
Who, allegedly, took an axe and gave her mother 40 whacks? Lizzie Borden
43%
What city is home to the musical groups Boyz II Men and the Roots? Philadelphia
38%
Some U.S. coins have a "D" imprinted on them. What does it stand for? Denver
37%
What is Alfred E. Neuman's catchphrase? What, me {Worry}?
26%
What was Robert Bork prevented from joining when he was "Borked" in 1987? U.S. Supreme Court
25%
No matching quizzes found
Score Distribution
Percent of People with Each Score
Percentile by Number Answered
Your Score History
You have not taken this quiz